Statistics for Horse facts by Pictures

Click here to take the quiz!

General Stats

  • This quiz has been taken 12 times
  • The average score is 4 of 15

Answer Stats

Answer% Correct
Foal
100%
Trot
80%
Seabiscuit
50%
Show Jumping
50%
Star
50%
Matt Damon
30%
Kent
10%
Barb Horse
0%
Bucephalus
0%
Comanche
0%
Lipizzan
0%
Marengo
0%
Prix d'Amérique
0%
Spanish Riding School
0%
Stuttgart
0%

Score Distribution

Percentile by Number Answered

Percent of People with Each Score

Your Score History

You have not taken this quiz